| 000 | 01032nac a2200325 i 4500 | ||
|---|---|---|---|
| 003 | EG-GICUC | ||
| 005 | 20260121101545.0 | ||
| 008 | 010718s2002 enka fr 000 0 eng d | ||
| 040 |
_aEG-GiCUC _beng _cEG-GiCUC _dEG-GiCUC _erda |
||
| 082 | 0 | 4 |
_221 _a343.631 |
| 092 | 0 | 4 | _221 |
| 099 | _aLaw 10 2002 | ||
| 100 | 1 | _aBowling, Benjamin. | |
| 245 | 1 | 0 |
_aRacism, crime and justice / _cBen Bowling and Coretta Phillips. |
| 264 |
_aHarlow : _bLongman, _c2002. |
||
| 300 |
_axviii, 315 pages : _billustrations, _c24 cm |
||
| 336 |
_2rda content _atext |
||
| 337 |
_2rda media _aComputer |
||
| 338 |
_2rda carrier _aOnline Resource |
||
| 490 | _aLongman criminology series | ||
| 504 | _aIncludes bibliography and indexes. | ||
| 650 | 1 | 0 | _aRace relations. |
| 650 | 1 | 0 | _aCrime. |
| 650 | 1 | 0 | _aDiscrimination in criminal justice administration. |
| 700 | 1 | _aPhilips, Coretta. | |
| 830 | _0Longman criminology series | ||
| 856 | 4 | 0 | _uhttps://fll.law.cu.edu.eg/fulltext/bks/ENGB10-00114.pdf |
| 905 | _a10 | ||
| 942 |
_2ddc _cBK _e21 _n0 |
||
| 999 |
_c52962 _d52962 |
||